| 000 | 00504nam a2200181 a 4500 | ||
|---|---|---|---|
| 001 | 000019667 | ||
| 005 | 20240513095116.0 | ||
| 008 | 100702s1838 txu 000 0 spa d | ||
| 040 |
_aDO-SdBNP _bspa _cBNPHU |
||
| 082 |
_a200 _bN338c |
||
| 100 | 1 |
_aNeal, C. L., _942118 |
|
| 245 | 1 | 0 |
_aColumnas de ortodoxia / _cC. L. Neal. |
| 260 |
_aEl Paso, Texas : _bCasa Bautista de Publicaciones, _c1838. |
||
| 300 |
_a268 p. : ; _c20 cm. |
||
| 650 | 0 |
_aReligión _91906 |
|
| 650 | 4 |
_aSermones _96631 |
|
| 049 | _aBNGR | ||
| 999 |
_c19183 _d19183 |
||